XIX съезд Всесоюзного Ленинского Коммунистического Союза Молодежи (18-21 мая 1982 года): стенографический отчет; Т. 2

Podrobná bibliografie
Jazyk:ruština
Vydáno: Москва, Молодая гвардия, 1982
Témata:
Médium: MixedMaterials Kniha
KOHA link:https://koha.lib.tpu.ru/cgi-bin/koha/opac-detail.pl?biblionumber=300441

MARC

LEADER 00000nam0a2200000 4500
001 300441
005 20231102001312.0
035 |a (RuTPU)RU\TPU\book\325594 
090 |a 300441 
100 |a 20150710d1982 km y0rusy50 ca 
101 0 |a rus 
102 |a RU 
105 |a a z 001zy 
200 1 |a XIX съезд Всесоюзного Ленинского Коммунистического Союза Молодежи (18-21 мая 1982 года)  |e стенографический отчет  |h Т. 2 
210 |a Москва  |c Молодая гвардия  |d 1982 
215 |a 415 с.  |c ил. 
320 |a Список делегатов : с. 301-390 
606 1 |a ВЛКСМ  |x Съезды  |2 stltpush  |3 (RuTPU)RU\TPU\subj\2609  |9 31158 
610 1 |a молодежная политика 
610 1 |a молодежные организации 
610 1 |a молодежные движения 
610 1 |a стенографические отчеты 
610 1 |a заседания 
610 1 |a выступления 
610 1 |a документы 
610 1 |a рекомендации 
686 |a Ф75(2)11  |v LBC/SL-A  |2 rubbk 
801 1 |a RU  |b 63413507  |c 20150710 
801 2 |a RU  |b 63413507  |c 20221006  |g RCR 
942 |c BK